Commercial Structure and Commercial Blight : Retail Patterns and Processes in the City of Chicago/
Shranjeno v:
| Glavni avtor: | |
|---|---|
| Drugi avtorji: | |
| Format: | Sách giấy |
| Jezik: | English |
| Izdano: |
Chicaogo :
The University of Chicago Press,
1963
|
| Oznake: |
Označite
Brez oznak, prvi označite!
|
| Thư viện lưu trữ: | Thư viện Trường Đại học Đà Lạt |
|---|
| LEADER | 00759nam a2200313 4500 | ||
|---|---|---|---|
| 001 | DLU040028239 | ||
| 040 | # | # | |a dlu |b vie |
| 041 | # | # | |a eng |
| 044 | # | # | |a US |
| 082 | # | # | |a 380.1 |b BE-B |
| 100 | # | # | |a Berry, Brian J.L. |
| 245 | # | # | |a Commercial Structure and Commercial Blight : |b Retail Patterns and Processes in the City of Chicago/ |c Brian J.L. Berry |
| 260 | # | # | |a Chicaogo : |b The University of Chicago Press, |c 1963 |
| 300 | # | # | |a 236p.; |c 23cm. |
| 700 | # | # | |a Tennant, Robert J. |
| 923 | # | # | |a 5/2004 |
| 992 | # | # | |a 5100 |
| 994 | # | # | |a DLU |
| 900 | # | # | |a True |
| 911 | # | # | |a Lê Thị Mạnh Xuân |
| 925 | # | # | |a G |
| 926 | # | # | |a A |
| 927 | # | # | |a SH |
| 980 | # | # | |a Thư viện Trường Đại học Đà Lạt |